000 00827nam a2200241Ia 4500
003 OSt
005 20220925201531.0
006 a|||||r|||| 00| 0
007 ta
008 220923b |||||||| |||| 00| 0 eng d
037 _cGeneral Book
040 _aRTL
_cRTL
_beng
041 _2eng
_aeng
082 _aX411.2s, L6/GD
110 _aIndia, Government of ...... Shipping and Transport (Ministry of....). Transport Research Division
245 0 _aRegional profile on roads and road transport
260 _aDelhi
_bManager of Publications India
_c1976
490 _v1974-75
650 _aRoad Transport Economics
700 _aIndia, Government of ...... Shipping and Transport (Ministry of....). Transport Research Division
942 _hX411.2s, L6/GD
_cGB
_2CC
999 _c540393
_d540393